000 00866nam a22002417a 4500
999 _c7821
_d7821
003 AR-CdUCM
008 190321b ||||| |||| 00| 0 spa d
040 _aMUNICIPALIDAD PROVINCIAL DEL CUSCO
_cBIBLIOTECA MUNICIPAL DEL CUSCO
041 _heng
082 _a574 /
_bB45
100 _aBerland, Theodore
_922112
245 _aEcología y Ruido /
260 _aBuenos Aires :
_bEdiciones Marymar ;
_c1973.
300 _a138 páginas ;
_c22cm
440 _aColección Urbanismo y Ecología
_n5
_922113
505 _aContenido: Como se produce la sordera y por qué -- Por qué nos molesta el ruido -- Nuestro ruidoso mundo -- El ruido en el aire -- Edificios silenciosos...
650 _aRuido
_922114
650 _aAmbiente
_922115
650 _aEcología
_94960
700 _aSueiro, Jorgelina de (traducción)
_922116
942 _2ddc
_cLIBROS
945 _anom